| 000 | 00908nam a22003017a 4500 | ||
|---|---|---|---|
| 001 | BR2015005674 | ||
| 003 | BR-BrBNA | ||
| 005 | 20230928104731.0 | ||
| 007 | ta | ||
| 008 | 230509b bl.||||| |||| 00| 0 por d | ||
| 040 |
_aBR-BrBNA _bpor _cBiblioteca Nacional de Agricultura |
||
| 041 | _a(Por) | ||
| 072 |
_aK10 _b1060 |
||
| 090 | _ 1060 BR2015005674 | ||
| 110 | 1 |
_aFundo de Defesa da Citricultura, Araraquara, SP (Brasil) _95192 |
|
| 245 | 1 | _aInventário de árvores e estimativa de safra de laranja 2015/16 do cinturão citrícola de São Paulo e Triângulo/Sudoeste mineiro | |
| 260 | 3 |
_aAraraquara, SP (Brasil): _c2015. |
|
| 300 | _aVp. | ||
| 500 | _a40 illus.; 65 tables | ||
| 650 | _aCENSO AGRÍCOLA | ||
| 650 | _aFRUTA CÍTRICA | ||
| 650 | _aSAFRA | ||
| 650 | _aAGRONEGÓCIO | ||
| 650 | _aECONOMIA | ||
| 650 | _aINVENTÁRIO | ||
| 909 |
_a202309 _bLucia _c55 _dLucia Elande |
||
| 942 | _cBK | ||
| 999 |
_c81461 _d81461 |
||